| 000 | 00468nam a2200181Ia 4500 | ||
|---|---|---|---|
| 001 | 8573 | ||
| 005 | 20260306160619.0 | ||
| 008 | 260306t2018||||xx |||||||||||||| ||spa|| | ||
| 041 | _aESP | ||
| 082 |
_a371.144 _bS23 |
||
| 100 |
_aSánchez Barajas, Raúl _eAUT |
||
| 245 | 0 |
_aProyecto de enseñanza: _bmodelo de evaluación de desempeño docente |
|
| 260 | _c2018 | ||
| 300 |
_a213 páginas : _c23 cm. |
||
| 650 | _aGEN | ||
| 654 | _aCED | ||
| 942 |
_cLIB _dJUS _fJUS _2ddc _n |
||
| 999 |
_c8573 _d8573 |
||